000 00706nam a2200217Ii 4500
003 JO-AjNU
008 230606s9999||||xx |||||||||||||| ||und||
020 _a978-0-367-67735-0
040 _aJO-AjNU
_beng
_erda
_cJO-AjNU
041 _aeng
050 1 4 _aQA76.9.2022
100 3 _aAshurst, Stephen, Stefano TempestaP, Foreword Stylianos Kampakis,
_eauthor
_96885
245 0 0 _aBlockchain Applied: Practical Technology and Use Cases of Enterprise Blockchain for the Real World
250 _a1ed
264 3 1 _aUK: Routledge, 2022
300 _a275p
336 _atext
_btxt
_2rdacontent
337 _aunmediated
_bn
_2rdamedia
338 _avolume
_bnc
_2rdacarrier
650 4 _aBlockchain Applied
_96886
999 _aE3611
_c3567
_d3567